Intervencions en edificis particulars en mal estat per a no tècnics : material de suport / [Fèlix Ruiz] material de suport / [Fèlix Ruiz]
Publicado:
Barcelona :
Diputació de Barcelona. Àrea d'Infraestructures, Urbanisme i habitatge. Direcció de Serveis d'Habitatge, Urbanisme i Activitats. Servei de Gestió i Habitatges ,
2008
Descripción Física:
210 p. : il. ; 30 cm
Colección:
Oficines Locals d'Habitatge. Monogràfics
MARC
| LEADER | 00000nam a2200000Ia 4500 | ||
|---|---|---|---|
| 001 | 21033 | ||
| 008 | 160829s2008 xx 000 0 cat d | ||
| 080 | |a C-3-150 | ||
| 100 | |a Ruiz, Fèlix |9 43716 | ||
| 245 | |a Intervencions en edificis particulars en mal estat per a no tècnics : |b material de suport / [Fèlix Ruiz] | ||
| 260 | |a Barcelona : |b Diputació de Barcelona. Àrea d'Infraestructures, Urbanisme i habitatge. Direcció de Serveis d'Habitatge, Urbanisme i Activitats. Servei de Gestió i Habitatges, |c 2008 | ||
| 300 | |a 210 p. : |b il. ; |c 30 cm | ||
| 490 | |a Oficines Locals d'Habitatge. Monogràfics | ||
| 590 | |a Bibliografia. | ||
| 590 | |a A la coberta: del 29 de gener al 19 de febrer de 2008. Edifici El Vagó, recinte Escola Industrial, Barcelona | ||
| 650 | |a Edificis |x Conservació i restauració |9 43717 | ||
| 650 | |a Edificis |x Manteniment i reparació |9 43718 | ||
| 710 | 1 | |a Barcelona (Catalunya : Província). |b Servei de Gestió i Habitatge |9 56518 | |
| 901 | |a Arxiu | ||
| 942 | |n 1 | ||
| 952 | |0 0 |1 0 |4 0 |6 C3150 |7 1 |9 51590 |a Arxiu |b Arxiu |d 2016-12-01 |l 0 |o C-3-150 |p 21033 |r 2016-12-01 00:00:00 |w 2016-12-01 |y ARXIU | ||
| 999 | |c 55435 |d 55435 | ||